000 00413nam a2200169 a 4500
005 20140414131933.0
008 100520s19uu xx 00 eng d
050 _aREF 910
_bM33 2000
100 _aMacquitty, Miranda
245 _aDesert.
260 _aNew York :
_bDorling Kindersley,
_c1994.
440 _aEyewitness books
650 _aDesert
650 _aEthnology
999 _c112326
_d112326